St. Petersburg in Russland - Statistiken

Allgemein
  • Dieses Quiz wurde 74 mal gespielt
  • Das Durchschnittsergebnis liegt bei 6 aus 19
Antwortstatistiken
Hint Antwort % Korrekt
Ein früherer Name der Stadt? Leningrad
95%
Von wem wurde die Stadt gegründet? Peter der Große
85%
Wer begann seine politische Karriere hier im Jahre 1990? Vladimir Putin
60%
Apropos Wasser, welcher Fluss fließt durch die Stadt? Newa
56%
Wie nennt man die Zeit in der zweiten Junihälfte? Weiße Nächte
47%
Hier ist ein besonderes Museum? Eremitage
44%
Was soll man im Palast unbedingt besichtigen? Bernsteinzimmer
39%
Die berühmteste Bewohnerin dieses Hauses? Katharina die Große
32%
Die Haupt-Einkaufsstraße der Stadt? Nevsky Prospekt
31%
Wie heißt das Kriegsschiff, dessen Kanone in der Revolution eine Rolle spielte? Aurora
26%
Der große grüne Palast im Zentrum ist bekannt als? Winterpalast
23%
Der Ort mit den Wasserspielen am Palast? Peterhof
21%
In welchem Vorort liegt der Katharinenpalast? Puschkin
18%
Wie heißt die große Kathedrale mit den imposanten Steinsäulen? Isaaks-Kathedrale
15%
Welche Kirche wurde nach Vorbild der Moskauer Basilius Kathedrale gestaltet? Erlöser-Blutkirche
11%
Wie heißt die Festungsinsel vor der Stadt? Kronstadt
10%
Das höchste Gebäude Europas? Lakhta Center
10%
Auf welcher Insel steht die Peter-und-Paul Festung? Haseninsel
6%
Welcher Architekt gestaltete viele Paläste im 18.Jh.? Rastrelli
5%
Keine übereinstimmenden Quizze gefunden
Verteilung der Resultate
Anzahl Personen mit jedem Resultat
Perzentil nach korrekt beantworteten Fragen
Ihre Resultats-Entwicklung
Sie haben dieses Quiz noch nicht gespielt